Computer assisted learning programmes in basic urology (Registro nro. 81636)
[ vista simple ]
| 000 -ENCABEZADO | |
|---|---|
| Número de control [NR] | 00894nam a22001937a 4500 |
| 005 - FECHA Y HORA DE LA ÚLTIMA TRANSACCIÓN | |
| control field | 20140217132037.0 |
| 008 - DE LONGITUD FIJA DE DATOS DE ELEMENTOS - INFORMACIÓN GENERAL | |
| Elementos de longitud fija [NR] | 130821s1995 enk f s eng d |
| 040 ## - FUENTE DE CATALOGACION [NR] | |
| Agencia de catalogación original [NR] | Co-BoUCM |
| Idioma de catalogación [NR] | spa |
| Quien Cataloga | |
| Quien Clasifica | |
| 041 00 - CODIGO DE IDIOMA [R] | |
| Código de idioma para texto/pista de sonido o título separado [R] | Inglés |
| 092 ## - SIGNATURA TOPOGRAFICA LOCAL | |
| Número de clasificación local | CDM 0019 |
| 245 00 - MENCION DE TITULO [NR] | |
| Título [NR] | Computer assisted learning programmes in basic urology |
| Mención de responsabilidad, etc. [NR] | Bristol Urological Institute |
| Medio físico [NR] | CD-ROM |
| 260 ## - PUBLICACION, DISTRIBUCION, ETC. (PIE DE IMPRENTA) [R] | |
| Lugar de publicación, distribución, etc. [R] | Bristol |
| Nombre del editor, distribuidor, etc. [R] | Bristol Urological Institute |
| Fecha de publicación, distribución, etc. [R] | 1995 |
| 300 ## - DESCRIPCION FISICA [R] | |
| Extensión [R] | 1 CD-ROM |
| Otros detalles físicos [NR] | ilustraciones, gráficas y sonido |
| 505 0# - NOTA DE CONTENIDO CON FORMATO PREESTABLECIDO [R] | |
| State manifest and birth record (1764-1977). | Prostate cancer.--Impotence.--Male infertily.--Lower urinary tract symptoms.--Examination of the urological patient.--Urinary incontinence.--Haaematuria.--Renalñ trauma.--Scrotal problems.--Renal calculi |
| 650 04 - ASIENTO SECUNDARIO DE MATERIA - TERMINO TEMATICO [R] | |
| Término temático o nombre geográfico como elemento de entrada [NR] | Urología |
| 9 (RLIN) | 418 |
| Subdivisión de forma [R] | CD-ROM |
| 690 ## - ASUNTO AGREGADO LOCAL DE ENTRADA - TÉRMINO TEMÁTICO (OCLC, RLIN) | |
| Acceso temático local | Urología |
| 710 2# - ASIENTO SECUNDARIO - NOMBRE CORPORATIVO [R] | |
| Nombre corporativo o de jurisdicción como elemento de entrada [NR] | Bristol Urological Institute |
| 9 (RLIN) | 39127 |
| 942 ## - ELEMENTOS DE ENTRADA AGREGADOS (KOHA) | |
| Koha item type | Multimedia |
| Source of classification or shelving scheme | LOCAL |
| Tema principal | Medicina |
| Edition | 1 |
| Classification part | CDM 0019 |
| Suprimido | Perdido | Sistema de clasificación | Dañado | No prestable | Tipo de ítem específico | Ubicación habitual | Ubicación actual | Localización | Fecha de creación | Forma de adquisición | Costo | Total préstamos | Signatura topográfica | Código de barras | Última vez visto | Ejemplar | Costo de reposición | Price effective from | Tipo de ítem |
|---|---|---|---|---|---|---|---|---|---|---|---|---|---|---|---|---|---|---|---|
| LOCAL | CD-Rom | Quinta de Mutis | Quinta de Mutis | Colección digital | 19/02/2013 | Donación | 26000.00 | CDM 0019 | 200026158 | 12/12/2025 | Ej.1 | 0.00 | 03/02/2013 | Multimedia |